[Event "Online Olym Disabilities"]
[Site "Tornelo INT"]
[Date "2020.11.21"]
[Round "1.9"]
[White "Meshkov, Yuri A"]
[Black "Aigner, Michael"]
[Result "1-0"]
[WhiteElo "2351"]
[BlackElo "2006"]
[PlyCount "145"]
[EventDate "2020.11.21"]
[EventType "team-swiss (rapid)"]
[EventRounds "7"]
[EventCountry "NET"]
[SourceTitle "CBM 199 Extra"]
[Source "ChessBase"]
[SourceDate "2021.01.31"]
[SourceVersion "1"]
[SourceVersionDate "2021.01.31"]
[SourceQuality "1"]
[WhiteTeam "Russia II"]
[BlackTeam "United States"]
[WhiteTeamCountry "RUS"]
[BlackTeamCountry "USA"]

1. d4 f5 2. g3 Nf6 3. Bg2 g6 4. c3 Bg7 5. Nh3 c6 6. 0-0 d6 7. Qb3 Qb6 8. Nd2 Qxb3 9. axb3 Na6 10. b4 Nc7 11. Nf4 0-0 12. e4 a6 13. exf5 Bxf5 14. Re1 Rae8 15. Nc4 d5 16. Na5 Bc8 17. Nd3 Nd7 18. Bf4 Nb5 19. Nb3 Nd6 20. Re2 Bf6 21. Nbc5 Nxc5 22. Nxc5 Nf7 23. Ne6 Bxe6 24. Rxe6 g5 25. Bc7 Nd6 26. Rae1 Kf7 27. Bh3 h5 28. f3 Rg8 29. Bf1 Rh8 30. Bd3 Rc8 31. Bxd6 exd6 32. Rxd6 Rc7 33. Bf5 Rd8 34. Rde6 Re7 35. Bg6+ Kxg6 36. Rxe7 Bxe7 37. Rxe7 Rb8 38. Kf2 Kf6 39. Rh7 Kg6 40. Rc7 Kf6 41. Ke3 Re8+ 42. Kd2 Rb8 43. Kd3 Kg6 44. b3 h4 45. c4 hxg3 46. hxg3 Rf8 47. Ke3 Re8+ 48. Kf2 dxc4 49. bxc4 Rd8 50. Ke3 Re8+ 51. Kd3 Rf8 52. f4 gxf4 53. gxf4 Rxf4 54. Rxb7 Rf3+ 55. Ke4 Rc3 56. c5 Rb3 57. Rb6 Kf7 58. Rxc6 Rxb4 59. Rxa6 Ke7 60. Ke5 Kd7 61. d5 Rb1 62. Ra7+ Kc8 63. Kd6 Rh1 64. Kc6 Kb8 65. Rb7+ Ka8 66. Rb4 Rh8 67. d6 Rc8+ 68. Kd5 Rh8 69. c6 Rh5+ 70. Ke6 Rh6+ 71. Kd7 Rh7+ 72. Kc8 Ka7 73. d7 1-0

[Event "IBCA EU-chT blind 2nd"]
[Site "Calimanesti"]
[Date "2019.10.07"]
[Round "3.2"]
[White "Grigorchuk, Sergey"]
[Black "Meshkov, Yuri A"]
[Result "0-1"]
[WhiteElo "2212"]
[BlackElo "2336"]
[PlyCount "70"]
[EventDate "2019.10.05"]
[EventType "team-swiss"]
[EventRounds "9"]
[EventCountry "ROU"]
[SourceTitle "CBM 192 Extra"]
[Source "Chessbase"]
[SourceDate "2019.11.06"]
[SourceVersion "1"]
[SourceVersionDate "2019.11.06"]
[SourceQuality "1"]
[WhiteTeam "Ukraine"]
[BlackTeam "Russia"]
[WhiteTeamCountry "UKR"]
[BlackTeamCountry "RUS"]

1. d4 Nf6 2. c4 d6 3. Nc3 e5 4. Nf3 Nbd7 5. Bg5 Be7 6. e3 h6 7. Bh4 0-0 8. Be2 Re8 9. 0-0 exd4 10. Nxd4 Nc5 11. Qc2 Nce4 12. f3 Nxc3 13. Qxc3 c5 14. Nb5 a6 15. Qa3 Be6 16. Nc3 b5 17. b4 cxb4 18. Qxb4 d5 19. c5 Rc8 20. Bxf6 gxf6 21. Qf4 Rxc5 22. Nd1 f5 23. Qxh6 Bg5 24. Qh5 Kg7 25. f4 Bf6 26. Rb1 Rh8 27. Qf3 Rc2 28. Nf2 Rxa2 29. Nd3 Ra3 30. Ne5 Bxe5 31. fxe5 Qg5 32. Ra1 Rxe3 33. Qf2 Reh3 34. Bf3 Rxh2 35. Qd4 Qg3 0-1

[Event "IBCA EU-chT blind 2nd"]
[Site "Calimanesti"]
[Date "2019.10.06"]
[Round "2.2"]
[White "Meshkov, Yuri A"]
[Black "Draghici Flutur, Gavril"]
[Result "1/2-1/2"]
[WhiteElo "2336"]
[BlackElo "2100"]
[PlyCount "77"]
[EventDate "2019.10.05"]
[EventType "team-swiss"]
[EventRounds "9"]
[EventCountry "ROU"]
[SourceTitle "CBM 192 Extra"]
[Source "Chessbase"]
[SourceDate "2019.11.06"]
[SourceVersion "1"]
[SourceVersionDate "2019.11.06"]
[SourceQuality "1"]
[WhiteTeam "Russia"]
[BlackTeam "Spain"]
[WhiteTeamCountry "RUS"]
[BlackTeamCountry "ESP"]

1. e4 c5 2. Nf3 Nc6 3. Bb5 e6 4. Bxc6 bxc6 5. d3 Ne7 6. Nc3 f6 7. h4 e5 8. h5 d6 9. Nd2 Be6 10. Ne2 g5 11. hxg6 Nxg6 12. Nf1 Be7 13. Neg3 Qd7 14. Qh5 0-0-0 15. Nf5 d5 16. g3 c4 17. Bd2 Bc5 18. Ba5 cxd3 19. cxd3 dxe4 20. dxe4 Qd3 21. Qe2 Bb6 22. Bxb6 axb6 23. Qxd3 Rxd3 24. Rh6 Rd7 25. N1e3 Rhd8 26. Rc1 Kb7 27. a3 Bg8 28. Rd1 Bb3 29. Rxd7+ Rxd7 30. Ke2 Ka6 31. Rh1 Kb5 32. Ng4 Bc4+ 33. Kf3 Nf8 34. Nxf6 Rd2 35. Kg2 Ne6 36. Rc1 Nc5 37. Rc3 Be6 38. Ng7 Bf7 39. Nf5 1/2-1/2

[Event "Minsk Kupreichik Memorial rapid"]
[Site "Minsk"]
[Date "2019.08.17"]
[Round "10"]
[White "Meshkov, Yuri A"]
[Black "Teterev, Vitaly"]
[Result "0-1"]
[WhiteElo "2336"]
[BlackElo "2474"]
[PlyCount "100"]
[EventDate "2019.08.15"]
[EventType "swiss (rapid)"]
[EventRounds "10"]
[EventCountry "BLR"]
[SourceTitle "CBM 191 Extra"]
[Source "ChessBase"]
[SourceDate "2019.09.30"]
[SourceVersion "1"]
[SourceVersionDate "2019.09.30"]
[SourceQuality "1"]

1. d4 Nf6 2. Bf4 c5 3. e3 d6 4. c3 Nbd7 5. Nf3 Nh5 6. Bg5 h6 7. Bh4 g5 8. Nfd2 Ng7 9. Bg3 Nf5 10. Bd3 Nxg3 11. hxg3 Bg7 12. g4 Nf6 13. Be2 Qd7 14. f3 Nd5 15. Qb3 Nc7 16. dxc5 dxc5 17. Bc4 0-0 18. a4 b6 19. Ne4 Rb8 20. Nbd2 a6 21. Nxc5 Qc6 22. Nce4 b5 23. axb5 axb5 24. Be2 Nd5 25. Nf1 Be6 26. Qc2 Rfc8 27. Qd2 Rd8 28. Rd1 Qb6 29. Qc1 Rdc8 30. Qd2 Ra8 31. Qd3 Nc7 32. Rd2 Ra1+ 33. Kf2 Raa8 34. Neg3 b4 35. c4 Na6 36. Nf5 Nc5 37. Qb1 Bxf5 38. gxf5 Nb3 39. Rd5 Qf6 40. Bd1 Ra1 41. Qc2 Nc1 42. Rd4 b3 43. Qd2 Qb6 44. c5 Qa5 45. Qxa5 Rxa5 46. Rd7 Bxb2 47. Rxh6 Bf6 48. Rb7 b2 49. Rxf6 exf6 50. Rxb2 Nd3+ 0-1

[Event "Minsk Kupreichik Memorial rapid"]
[Site "Minsk"]
[Date "2019.08.16"]
[Round "4"]
[White "Sychev, Klementy"]
[Black "Meshkov, Yuri A"]
[Result "1/2-1/2"]
[WhiteElo "2579"]
[BlackElo "2336"]
[PlyCount "70"]
[EventDate "2019.08.15"]
[EventType "swiss (rapid)"]
[EventRounds "10"]
[EventCountry "BLR"]
[SourceTitle "CBM 191 Extra"]
[Source "ChessBase"]
[SourceDate "2019.09.30"]
[SourceVersion "1"]
[SourceVersionDate "2019.09.30"]
[SourceQuality "1"]

1. e4 g6 2. d4 Bg7 3. Nc3 a6 4. Nf3 b5 5. Bd3 d6 6. h3 Nd7 7. a4 b4 8. Ne2 c5 9. c3 Rb8 10. 0-0 Qc7 11. Bd2 c4 12. Bb1 b3 13. Nf4 Ngf6 14. Re1 e5 15. Nd5 Nxd5 16. exd5 0-0 17. Bg5 Bb7 18. dxe5 Nxe5 19. Be4 Rfe8 20. Qd2 f5 21. Nxe5 Rxe5 22. Bf3 Rbe8 23. Bf4 R5e7 24. Bg5 Re5 25. Bf4 R5e7 26. Re3 Rxe3 27. Bxe3 Be5 28. h4 Qf7 29. Re1 Qd7 30. a5 Qd8 31. h5 Qxa5 32. hxg6 hxg6 33. Bd4 Qd8 34. Qh6 Qf6 35. Re3 Re7 1/2-1/2

[Event "Minsk Kupreichik Memorial rapid"]
[Site "Minsk"]
[Date "2019.08.15"]
[Round "2"]
[White "Meshkov, Yuri A"]
[Black "Kiryliuk, Ilya"]
[Result "1-0"]
[WhiteElo "2336"]
[BlackElo "1948"]
[PlyCount "103"]
[EventDate "2019.08.15"]
[EventType "swiss (rapid)"]
[EventRounds "10"]
[EventCountry "BLR"]
[SourceTitle "CBM 191 Extra"]
[Source "ChessBase"]
[SourceDate "2019.09.30"]
[SourceVersion "1"]
[SourceVersionDate "2019.09.30"]
[SourceQuality "1"]

1. e4 c5 2. g3 e6 3. Bg2 Nc6 4. Ne2 Nf6 5. 0-0 Be7 6. c4 e5 7. d3 d6 8. h3 0-0 9. Nbc3 Nd4 10. f4 Bd7 11. g4 Bc6 12. Ng3 Nd7 13. Nd5 Bxd5 14. cxd5 Bh4 15. Nf5 Nxf5 16. exf5 Bg3 17. Qb3 Qb6 18. Qxb6 axb6 19. fxe5 Bxe5 20. a3 Bd4+ 21. Kh1 Ne5 22. Be4 b5 23. Rb1 f6 24. Rd1 Rfc8 25. Bd2 Ra4 26. Be1 Kf7 27. Kg2 h5 28. gxh5 Rh8 29. Bc3 Rxh5 30. Bd2 Ra8 31. Rh1 Ke7 32. Kg3 Rh7 33. Bc3 Ra4 34. Rhc1 Kd7 35. b3 Rxa3 36. Bxd4 cxd4 37. Rc2 Ra7 38. Rbc1 b6 39. Rc8 Rb7 40. b4 Ke7 41. Ra8 Nd7 42. Rcc8 Rh6 43. Re8+ Kf7 44. Re6 Rc7 45. Rxd6 Rh5 46. Rc6 Rg5+ 47. Kh2 Rb7 48. d6 Rb8 49. Rc7 Ke8 50. Raa7 Nf8 51. Re7+ Kd8 52. Bc6 1-0

[Event "RUS-chT2"]
[Site "Sochi"]
[Date "2019.05.07"]
[Round "6.2"]
[White "Tekeyev, Zaur"]
[Black "Meshkov, Yuri A"]
[Result "1-0"]
[WhiteElo "2386"]
[BlackElo "2330"]
[PlyCount "75"]
[EventDate "2019.05.01"]
[EventType "team-swiss"]
[EventRounds "9"]
[EventCountry "RUS"]
[SourceTitle "CBM 190 Extra"]
[Source "ChessBase"]
[SourceDate "2019.07.15"]
[SourceVersion "1"]
[SourceVersionDate "2019.07.15"]
[SourceQuality "1"]
[WhiteTeam "Dagestan"]
[BlackTeam "Smolensk Region"]
[WhiteTeamCountry "RUS"]
[BlackTeamCountry "RUS"]

1. e4 c6 2. d4 d5 3. e5 c5 4. dxc5 e6 5. a3 Bxc5 6. Qg4 Ne7 7. Bd3 Qb6 8. Qg3 Nbc6 9. Nf3 Ng6 10. 0-0 Qc7 11. b4 Bb6 12. Bb2 0-0 13. Nbd2 a5 14. b5 Nce7 15. c4 a4 16. Rac1 Bc5 17. h4 f5 18. h5 Nh8 19. cxd5 Nxd5 20. Bd4 b6 21. Nc4 Bxd4 22. Nxd4 Qd7 23. Rfd1 f4 24. Qg4 Nf7 25. Be4 f3 26. Bxf3 Nh6 27. Qg3 Rxf3 28. Qxf3 Bb7 29. Qg3 Rf8 30. Nd6 Ba8 31. Ne2 Nf5 32. Nxf5 Rxf5 33. h6 g6 34. Nc3 g5 35. Ne4 Qd8 36. Nd6 Rf8 37. Rc8 Qe7 38. Rdc1 1-0

[Event "Orsha blitz op"]
[Site "Orsha"]
[Date "2019.01.19"]
[Round "5"]
[White "Zhigalko, Sergei"]
[Black "Meshkov, Yuri A"]
[Result "1-0"]
[WhiteElo "2695"]
[BlackElo "2387"]
[PlyCount "59"]
[EventDate "2019.01.19"]
[EventType "swiss (blitz)"]
[EventRounds "10"]
[EventCountry "BLR"]
[SourceTitle "CBM 189 Extra"]
[Source "ChessBase"]
[SourceDate "2019.06.03"]
[SourceVersion "1"]
[SourceVersionDate "2019.06.03"]
[SourceQuality "1"]

1. e4 c5 2. Nf3 Nc6 3. c3 Nf6 4. e5 Nd5 5. Bc4 Nb6 6. Bb3 d5 7. exd6 Qxd6 8. 0-0 Be6 9. Bxe6 Qxe6 10. a4 Qd7 11. a5 Nd5 12. d4 cxd4 13. Nxd4 e6 14. a6 b6 15. Nb5 Na5 16. Qa4 Be7 17. c4 Nb4 18. Nc7+ Kd8 19. Nxa8 Qxa4 20. Rxa4 Kd7 21. Bd2 Nac6 22. Rd1 Kc8 23. Bxb4 Bxb4 24. Nxb6+ axb6 25. a7 Kb7 26. Rd7+ Ka8 27. Nc3 Rf8 28. Nb5 Ba5 29. g3 Ne5 30. Rc7 1-0

[Event "Olympiad-43"]
[Site "Batumi"]
[Date "2018.10.02"]
[Round "8.2"]
[White "Meshkov, Yuri A"]
[Black "Beukes, Dante M"]
[Result "1-0"]
[WhiteElo "2313"]
[BlackElo "2155"]
[PlyCount "107"]
[EventDate "2018.09.24"]
[EventType "team-swiss"]
[EventRounds "11"]
[EventCountry "GEO"]
[SourceTitle "CBM 187"]
[Source "ChessBase"]
[SourceDate "2018.12.11"]
[SourceVersion "1"]
[SourceVersionDate "2018.12.11"]
[SourceQuality "1"]
[WhiteTeam "IBCA"]
[BlackTeam "Namibia"]
[BlackTeamCountry "NAM"]

1. e4 c5 2. Nf3 g6 3. c3 d5 4. exd5 Qxd5 5. d4 Bg7 6. Be2 cxd4 7. cxd4 Nf6 8. Nc3 Qa5 9. 0-0 0-0 10. Qb3 Qb6 11. Qxb6 axb6 12. Bf4 Na6 13. a3 Be6 14. Ng5 Bd5 15. Rfe1 e6 16. Be5 Rfd8 17. Rac1 Rac8 18. h4 Bc6 19. b4 Nc7 20. b5 Bd5 21. Na4 Na8 22. Nc3 Nc7 23. Nce4 Nce8 24. Nxf6+ Nxf6 25. Bc7 Re8 26. Bxb6 Nd7 27. Ba5 Bxd4 28. Nf3 Bb2 29. Rxc8 Rxc8 30. Bb4 Nb6 31. Rb1 Rc1+ 32. Rxc1 Bxc1 33. Bd1 Nc4 34. a4 f6 35. a5 Bf4 36. Bb3 Bd6 37. Bxd6 Nxd6 38. Bxd5 exd5 39. Nd4 Nc4 40. a6 bxa6 41. bxa6 Nb6 42. a7 Kf7 43. g4 Ke7 44. f4 Kd6 45. Kf2 Na8 46. Ke2 g5 47. hxg5 fxg5 48. f5 Ke5 49. Kd3 Kf6 50. Kc3 h5 51. gxh5 g4 52. h6 g3 53. Kd3 g2 54. Nf3 1-0

[Event "Olympiad-43"]
[Site "Batumi"]
[Date "2018.09.27"]
[Round "4.35"]
[White "Pereira, Eder Marcio"]
[Black "Meshkov, Yuri A"]
[Result "0-1"]
[WhiteElo "1781"]
[BlackElo "2313"]
[PlyCount "44"]
[EventDate "2018.09.24"]
[EventType "team-swiss"]
[EventRounds "11"]
[EventCountry "GEO"]
[SourceTitle "CBM 187"]
[Source "ChessBase"]
[SourceDate "2018.12.11"]
[SourceVersion "1"]
[SourceVersionDate "2018.12.11"]
[SourceQuality "1"]
[WhiteTeam "Kap Verde"]
[BlackTeam "IBCA"]
[WhiteTeamCountry "KAP"]

1. d4 Nf6 2. Bf4 c5 3. e3 g6 4. Nc3 Bg7 5. h4 Qa5 6. Qd2 d6 7. Be2 h5 8. Nf3 0-0 9. 0-0 Bg4 10. Rfd1 Nbd7 11. Nd5 Qd8 12. Nxf6+ Nxf6 13. dxc5 Ne4 14. Qd5 Nxc5 15. Rab1 Be6 16. Qd2 Bxa2 17. b4 Ne4 18. Qe1 Bxb1 19. Rxb1 Nc3 20. Rb3 Rc8 21. Ng5 Nxe2+ 22. Qxe2 Qc7 0-1

[Event "IBCA World Cup 8th"]
[Site "Sofia"]
[Date "2018.07.24"]
[Round "4.1"]
[White "Adiyaman, Rene"]
[Black "Meshkov, Yuri A"]
[Result "0-1"]
[WhiteElo "2097"]
[BlackElo "2322"]
[PlyCount "130"]
[EventDate "2018.07.21"]
[EventType "team-tourn"]
[EventRounds "7"]
[EventCountry "BUL"]
[SourceTitle "CBM 185 Extra"]
[Source "ChessBase"]
[SourceDate "2018.07.29"]
[SourceVersion "1"]
[SourceVersionDate "2018.07.29"]
[SourceQuality "1"]
[WhiteTeam "Germany (blind)"]
[BlackTeam "Russia (blind)"]
[WhiteTeamCountry "GER"]
[BlackTeamCountry "RUS"]

1. e4 c5 2. c3 Nf6 3. e5 Nd5 4. d4 cxd4 5. Nf3 Nc6 6. cxd4 d6 7. Bc4 e6 8. 0-0 Nb6 9. Bb5 dxe5 10. Nxe5 Bd7 11. Bxc6 Bxc6 12. Nxc6 bxc6 13. Nc3 Be7 14. Be3 0-0 15. Rc1 Qd7 16. Qf3 a5 17. b3 a4 18. d5 Nxd5 19. Nxa4 e5 20. Rfd1 Qe6 21. Qe2 f5 22. Qc4 Rf6 23. Bg5 Rg6 24. Bxe7 Nxe7 25. Qxe6+ Rxe6 26. Nc5 Rg6 27. Rd7 Nd5 28. Nd3 Re8 29. a4 e4 30. Ne1 Rb8 31. a5 Ra8 32. Ra1 Nb4 33. Rb7 c5 34. Rb5 Na6 35. b4 cxb4 36. Rxf5 Rb8 37. Nc2 b3 38. Nd4 b2 39. Rb1 Rd6 40. Nb5 Rc8 41. h3 Rc1+ 42. Kh2 Rxb1 43. Nxd6 Rd1 44. Rb5 b1Q 45. Rxb1 Rxb1 46. Nxe4 Rb5 47. Kg3 Rxa5 48. f3 Ra2 49. Nc3 Rc2 50. Nd5 Nc5 51. Ne3 Re2 52. Nf5 Nd3 53. f4 Ne1 54. Nh4 g6 55. Kh2 Nd3 56. Kg3 Re3+ 57. Kg4 Nf2+ 58. Kg5 Ne4+ 59. Kh6 Rg3 60. f5 g5 61. Nf3 Rxg2 62. h4 g4 63. h5 gxf3 64. f6 Ng5 65. f7+ Nxf7# 0-1

[Event "Minsk Kupreichik Memorial op"]
[Site "Minsk"]
[Date "2018.06.22"]
[Round "5"]
[White "Meshkov, Yuri A"]
[Black "Aleksandrov, Aleksej"]
[Result "0-1"]
[WhiteElo "2322"]
[BlackElo "2580"]
[PlyCount "112"]
[EventDate "2018.06.21"]
[EventType "swiss (rapid)"]
[EventRounds "11"]
[EventCountry "BLR"]
[SourceTitle "CBM 185 Extra"]
[Source "ChessBase"]
[SourceDate "2018.07.29"]
[SourceVersion "1"]
[SourceVersionDate "2018.07.29"]
[SourceQuality "1"]

1. e4 e5 2. Nc3 Nf6 3. g3 Bc5 4. Bg2 a6 5. Nge2 d6 6. h3 Nc6 7. d3 Be6 8. Nd5 h6 9. Be3 Bxe3 10. fxe3 Bxd5 11. exd5 Ne7 12. c4 b5 13. b3 Rc8 14. 0-0 c6 15. dxc6 Nxc6 16. Nc3 0-0 17. Qe2 Ne7 18. Rxf6 gxf6 19. Ne4 f5 20. Nf6+ Kg7 21. Nh5+ Kh8 22. Rf1 Rg8 23. Kh2 bxc4 24. bxc4 Qf8 25. h4 Rb8 26. Bh3 Rg6 27. Bxf5 Nxf5 28. Rxf5 Qe7 29. Qf2 Rb7 30. Nf6 Qd8 31. Nd5 Kg7 32. e4 a5 33. a4 Qb8 34. Kh3 Qc8 35. Qd2 Rb1 36. Qf2 Qd7 37. Qf3 Ra1 38. g4 Qe6 39. Qe3 h5 40. g5 Rxa4 41. Qf3 Ra3 42. Nf6 Kf8 43. Nxh5 a4 44. Nf6 Rb3 45. Ng4 a3 46. h5 Rg8 47. g6 Rg7 48. h6 Rxg6 49. h7 Kg7 50. Rxf7+ Kh8 51. Rf8+ Kxh7 52. Rf7+ Rg7 53. Rxg7+ Kxg7 54. Qe3 a2 55. Qa7+ Kg6 56. Qxa2 Rxd3+ 0-1

[Event "Minsk Kupreichik Memorial op"]
[Site "Minsk"]
[Date "2018.06.21"]
[Round "2"]
[White "Meshkov, Yuri A"]
[Black "Svjatocho, Andrej"]
[Result "1-0"]
[WhiteElo "2322"]
[BlackElo "1995"]
[PlyCount "93"]
[EventDate "2018.06.21"]
[EventType "swiss (rapid)"]
[EventRounds "11"]
[EventCountry "BLR"]
[SourceTitle "CBM 185 Extra"]
[Source "ChessBase"]
[SourceDate "2018.07.29"]
[SourceVersion "1"]
[SourceVersionDate "2018.07.29"]
[SourceQuality "1"]

1. d4 e6 2. Bf4 c5 3. d5 exd5 4. Qxd5 Nc6 5. Nc3 Nf6 6. Qd3 a6 7. 0-0-0 Be7 8. e4 0-0 9. f3 b5 10. g4 Nb4 11. Qd2 Qa5 12. a3 Nc6 13. Nd5 Qxd2+ 14. Rxd2 Nxd5 15. Rxd5 b4 16. Ne2 Rd8 17. Bd6 Bxd6 18. Rxd6 Na5 19. Ng3 bxa3 20. bxa3 Nb7 21. Rb6 d5 22. e5 c4 23. Be2 Na5 24. Rd1 Bb7 25. Nf5 Kf8 26. f4 Bc6 27. Nd4 Be8 28. Bf3 c3 29. Be2 Rdb8 30. Rxa6 Rxa6 31. Bxa6 Ra8 32. Bb5 Nc4 33. Bxc4 dxc4 34. Ne2 Rxa3 35. Kb1 Bc6 36. Rd8+ Ke7 37. Rd6 Be4 38. Nd4 Ra8 39. h4 g6 40. f5 gxf5 41. gxf5 Ra5 42. f6+ Ke8 43. e6 Rd5 44. Rxd5 Bxd5 45. e7 h5 46. Ka2 Bc6 47. Nxc6 1-0

[Event "Minsk Kupreichik Memorial op"]
[Site "Minsk"]
[Date "2018.06.21"]
[Round "3"]
[White "Meshkov, Yuri A"]
[Black "Uzlavataya, Anhelina"]
[Result "1-0"]
[WhiteElo "2322"]
[BlackElo "2051"]
[PlyCount "71"]
[EventDate "2018.06.21"]
[EventType "swiss (rapid)"]
[EventRounds "11"]
[EventCountry "BLR"]
[SourceTitle "CBM 185 Extra"]
[Source "ChessBase"]
[SourceDate "2018.07.29"]
[SourceVersion "1"]
[SourceVersionDate "2018.07.29"]
[SourceQuality "1"]

1. d4 f5 2. Nc3 Nf6 3. Bf4 g6 4. h4 Bg7 5. h5 Nxh5 6. Rxh5 gxh5 7. e3 0-0 8. Qxh5 Qe8 9. Qxe8 Rxe8 10. Bxc7 b6 11. Bc4+ e6 12. 0-0-0 Ba6 13. Bb3 Nc6 14. Nf3 Rac8 15. Bf4 d5 16. Ba4 Rf8 17. Nb5 Bxb5 18. Bxb5 Rf6 19. Rh1 Nb4 20. c3 a6 21. Be2 b5 22. Kd2 Nc6 23. a4 Na7 24. axb5 axb5 25. Ra1 Rf7 26. Ng5 Re7 27. Bd6 Rd7 28. Bc5 Nc6 29. Nxe6 Rb7 30. b4 Kf7 31. Nf4 Rd8 32. Bh5+ Kf6 33. Ra6 Rc8 34. Bf3 Kg5 35. Bxd5 Ne7 36. Bxb7 1-0

[Event "Minsk Kupreichik Memorial op"]
[Site "Minsk"]
[Date "2018.06.21"]
[Round "1"]
[White "Stroganova, Karina"]
[Black "Meshkov, Yuri A"]
[Result "0-1"]
[WhiteElo "1662"]
[BlackElo "2322"]
[PlyCount "82"]
[EventDate "2018.06.21"]
[EventType "swiss (rapid)"]
[EventRounds "11"]
[EventCountry "BLR"]
[SourceTitle "CBM 185 Extra"]
[Source "ChessBase"]
[SourceDate "2018.07.29"]
[SourceVersion "1"]
[SourceVersionDate "2018.07.29"]
[SourceQuality "1"]

1. d4 Nf6 2. Nf3 c5 3. c4 cxd4 4. Nxd4 e5 5. Nf3 e4 6. Nd4 Nc6 7. g3 Qb6 8. Nxc6 Bc5 9. e3 dxc6 10. Bg2 h5 11. Nc3 Qb4 12. Qe2 Bg4 13. Qc2 Qxc4 14. b3 Qe6 15. Bb2 Bf3 16. Bxf3 exf3 17. 0-0-0 0-0 18. Kb1 Rfd8 19. Nb5 Bb6 20. Nd4 Bxd4 21. Rxd4 Rxd4 22. Bxd4 Ne4 23. Rd1 c5 24. Bb2 b6 25. Rd3 Re8 26. Rd1 f6 27. Rc1 Rd8 28. Rd1 Rxd1+ 29. Qxd1 Nxf2 30. Qxf3 Qe4+ 31. Qxe4 Nxe4 32. Kc2 Kf7 33. Kd3 Nd6 34. e4 Ke6 35. h3 Nf7 36. g4 hxg4 37. hxg4 Ne5+ 38. Ke3 Nxg4+ 39. Kf4 Nf2 40. Bc3 g5+ 41. Ke3 Nd1+ 0-1

[Event "RUS-chT2"]
[Site "Sochi"]
[Date "2018.05.09"]
[Round "8.9"]
[White "Meshkov, Yuri A"]
[Black "Poliakov, Artem"]
[Result "1-0"]
[WhiteElo "2315"]
[BlackElo "2105"]
[PlyCount "105"]
[EventDate "2018.05.01"]
[EventType "team-swiss"]
[EventRounds "9"]
[EventCountry "RUS"]
[SourceTitle "CBM 184 Extra"]
[Source "ChessBase"]
[SourceDate "2018.06.28"]
[SourceVersion "1"]
[SourceVersionDate "2018.06.28"]
[SourceQuality "1"]
[WhiteTeam "Smolensk Region VOS"]
[BlackTeam "Krasnoyarsk Territory"]
[WhiteTeamCountry "RUS"]
[BlackTeamCountry "RUS"]

1. d4 d6 2. e4 Nf6 3. Nc3 g6 4. Bf4 c6 5. Qd2 b5 6. Bd3 h5 7. h4 Nbd7 8. Nf3 Qc7 9. e5 b4 10. Ne4 Nd5 11. e6 fxe6 12. Neg5 Rg8 13. Nxe6 Qa5 14. Nxf8 Nxf8 15. Bg3 Bg4 16. Ng5 Nc7 17. 0-0 Nfe6 18. Nxe6 Bxe6 19. a3 Rb8 20. Rfe1 Kd7 21. b3 a6 22. axb4 Qxb4 23. Qe3 Rg7 24. Rxa6 Bf5 25. Ra4 Qb6 26. Bf4 Bxd3 27. Qxd3 Qb5 28. Qe3 Rb7 29. Bg5 Qf5 30. Qd2 Qb5 31. Re4 Rf7 32. Qe1 e6 33. Qd2 Rb6 34. Re3 Ra6 35. c4 Qb7 36. Qa2 Rf5 37. Rg3 Rxa4 38. bxa4 c5 39. dxc5 Rxc5 40. Be3 Rc6 41. Rxg6 Qb4 42. Bd2 Qxc4 43. Qb2 e5 44. Rg7+ Kc8 45. Rh7 Qg4 46. Rh8+ Kd7 47. Qb8 Rc4 48. Rh7+ Ke6 49. Bg5 Qd1+ 50. Kh2 Qc2 51. Qg8+ Kf5 52. Rxh5 Ke4 53. Qh7+ 1-0

[Event "RUS-chT2"]
[Site "Sochi"]
[Date "2017.05.01"]
[Round "1.2"]
[White "Meshkov, Yuri A"]
[Black "Tukhaev, Adam"]
[Result "1/2-1/2"]
[WhiteElo "2345"]
[BlackElo "2557"]
[PlyCount "102"]
[EventDate "2017.05.01"]
[EventType "team-swiss"]
[EventRounds "9"]
[EventCountry "RUS"]
[SourceTitle "CBM 178 Extra"]
[Source "ChessBase"]
[SourceDate "2017.06.22"]
[SourceVersion "1"]
[SourceVersionDate "2017.06.22"]
[SourceQuality "1"]
[WhiteTeam "Smolensk Region VOS"]
[BlackTeam "Chechen Republic"]
[WhiteTeamCountry "RUS"]
[BlackTeamCountry "RUS"]

1. e4 c5 2. Nf3 e6 3. b3 b6 4. Bb2 Bb7 5. Qe2 d6 6. g3 Nf6 7. d3 Be7 8. Bg2 0-0 9. 0-0 Nc6 10. Nbd2 Qc7 11. c3 a5 12. a4 d5 13. e5 Nd7 14. Rfe1 Rfe8 15. Nb1 f6 16. exf6 Bxf6 17. Na3 Rad8 18. Nb5 Qb8 19. Nd2 Na7 20. Nxa7 Qxa7 21. Nb1 Nb8 22. Na3 Nc6 23. Nb5 Qb8 24. Rad1 e5 25. c4 dxc4 26. bxc4 Nd4 27. Bxd4 exd4 28. Qh5 g6 29. Rxe8+ Rxe8 30. Bd5+ Kg7 31. Qf3 Bc8 32. h3 Re7 33. Kg2 Qe5 34. Be4 Bd7 35. Bc6 Bf5 36. g4 Bc8 37. Qg3 Qe2 38. Bf3 Bb7 39. Bxb7 Qxd1 40. Be4 Qxa4 41. g5 Be5 42. Qh4 Kf8 43. Qg4 Qc2 44. Qc8+ Re8 45. Qd7 Qd2 46. h4 Qf4 47. Qxh7 Re7 48. Qh6+ Bg7 49. Qxg6 Qg4+ 50. Kf1 Qd1+ 51. Kg2 Qg4+ 1/2-1/2